Los derechos en el Estado constitucional

Bibliographic Details
Main Author: Celano, Bruno
Format: eBook
Language:Spanish
Published: Lima: Palestra Editores, 2020
Subjects:
Online Access:Acceso restringido

MARC

LEADER 00000nam a22000007a 4500
005 20220819220615.0
007 cr|||| ||||
008 220819s2020 pe |||||s|||| 00||0 spa d
020 |a 9786123251239 
035 |a 36897 
040 |a vLex 
090 |c 13757  |d 13757 
100 1 |a Celano, Bruno 
245 1 3 |a Los derechos en el Estado constitucional  |h [Recurso electrn̤ico] /  |c Bruno Celano 
256 |a Servicio en ln̕ea 
260 |a Lima:  |b Palestra Editores,  |c 2020 
300 |a 1 recurso electrn̤ico 
500 |a En la presente obra, el autor propone cumplir con dos objetivos. En primer lugar, busca proveer un cuadro global del conjunto de los derechos fundamentales en los actuales Estados constitucionales, y de los problemas conceptuales, ter̤icos y normativos que ellos originan. En segundo lugar, plantea la defensa de una visin̤ particular de dicho conjunto. Como sostiene el autor, se trata de una visin̤ segn︢ la cual los derechos, principios y valores reconocidos por las Constituciones contemporǹeas son heterogňeos, ampliamente indeterminados, a menudo conflictivos, o recp̕rocamente inconmensurables, lo que hace necesario, en el m̀bito de la interpretacin̤ y aplicacin̤, determinaciones, trade-offs y ponderaciones. Con estos objetivos en mente, la presente obra se estructura de la siguiente manera: el primer capt̕ulo est ̀dedicado a la reconstruccin̤ de la principal ln̕ea de desarrollo en torno al anl̀isis de la nocin̤ de derecho en la teora̕ del derecho anglosajona de la segunda mitad del siglo XX, que va de H.L.A. Hart a J. Raz. En el segundo capt̕ulo, el autor aborda el problema de si resulta razonable y posible una regulacin̤ de los derechos fundamentales que se limite a establecer pocos derechos, definidos de forma precisa y unv̕oca, para luego ser aplicable solo a casos predeterminados en los que estos derechos sean vulnerados. Los siguientes dos capt̕ulos versan, respectivamente, sobre la estructura de los derechos, principios y valores constitucionalmente reconocidos, y los problemas institucionales vinculados a la determinacin̤ y aplicacin̤ de aquellos. El volumen se cierra con un dil̀ogo entre el autor y el profesor Atienza sobre las dificultades/posibilidades del positivismo en el contexto del Estado constitucional. 
506 1 |a Disponible solo en los productos indicados  |d vLex Global  |d vLex Global (Academic Edition, excluding Law Schools)  |d vLex Global (U.S. Academic Edition, Law Schools)  |d vLex Global (U.S. Academic Edition, excluding Law Schools)  |d vLex Global (Academic Edition, Law Schools) 
650 0 4 |a Derecho Constitucional  |z Per︢ 
740 0 |a vLex Libros (Servicio en ln̕ea) 
856 4 0 |u https://app.vlex.com/#/sources/36897  |z Acceso restringido 
942 |c BOOK 
999 0 |a Constitutional right